Statistics for How Many Countries Can You Name in 15 Seconds? (No Map)

Click here to take the quiz!

General Stats

  • This quiz has been taken 502 times
  • The average score is 6 of 196

Answer Stats

Answer% Correct
United States
54%
United Kingdom
36%
China
27%
Japan
25%
Canada
24%
France
19%
Russia
18%
Germany
16%
United Arab Emirates
13%
Mexico
12%
Spain
12%
Italy
10%
India
9%
Australia
8%
Brazil
8%
Democratic Republic of the Congo
7%
Dominican Republic
7%
Ireland
6%
Laos
6%
Niger
6%
Austria
5%
Chad
5%
Chile
5%
Iran
5%
Iraq
5%
Poland
5%
Afghanistan
4%
Argentina
4%
Bolivia
4%
Central African Republic
4%
Cuba
4%
Denmark
4%
Egypt
4%
Fiji
4%
Greece
4%
Mali
4%
Mongolia
4%
North Korea
4%
Oman
4%
South Korea
4%
Ukraine
4%
Vatican City
4%
Algeria
3%
Iceland
3%
New Zealand
3%
Nigeria
3%
Norway
3%
Pakistan
3%
Panama
3%
Papua New Guinea
3%
Peru
3%
Portugal
3%
Republic of the Congo
3%
Saudi Arabia
3%
Sweden
3%
Taiwan
3%
Togo
3%
Tonga
3%
Vietnam
3%
Yemen
3%
Antigua and Barbuda
2%
Bahamas
2%
Belgium
2%
Cambodia
2%
Colombia
2%
Estonia
2%
Finland
2%
Haiti
2%
Lebanon
2%
Nepal
2%
Netherlands
2%
Qatar
2%
Romania
2%
Samoa
2%
Syria
2%
Thailand
2%
Turkey
2%
Albania
1%
Andorra
1%
Armenia
1%
Azerbaijan
1%
Belize
1%
Benin
1%
Bhutan
1%
Bosnia and Herzegovina
1%
Costa Rica
1%
Croatia
1%
Dominica
1%
East Timor
1%
Ecuador
1%
Ethiopia
1%
Federated States of Micronesia
1%
Georgia
1%
Ghana
1%
Guatemala
1%
Hungary
1%
Indonesia
1%
Israel
1%
Jamaica
1%
Jordan
1%
Kosovo
1%
Kuwait
1%
Latvia
1%
Libya
1%
Liechtenstein
1%
Lithuania
1%
Malaysia
1%
Malta
1%
Monaco
1%
Morocco
1%
North Macedonia
1%
Palau
1%
Philippines
1%
Serbia
1%
Somalia
1%
South Africa
1%
South Sudan
1%
Sudan
1%
Switzerland
1%
Tuvalu
1%
Uruguay
1%
Uzbekistan
1%
Zambia
1%
Zimbabwe
1%
Angola
0%
Bahrain
0%
Bangladesh
0%
Barbados
0%
Belarus
0%
Botswana
0%
Brunei
0%
Bulgaria
0%
Burkina Faso
0%
Burundi
0%
Cameroon
0%
Cape Verde
0%
Comoros
0%
Cyprus
0%
Czech Republic
0%
Djibouti
0%
El Salvador
0%
Equatorial Guinea
0%
Eritrea
0%
Eswatini
0%
Gabon
0%
Gambia
0%
Grenada
0%
Guinea
0%
Guinea-Bissau
0%
Guyana
0%
Honduras
0%
Ivory Coast
0%
Kazakhstan
0%
Kenya
0%
Kiribati
0%
Kyrgyzstan
0%
Lesotho
0%
Liberia
0%
Luxembourg
0%
Madagascar
0%
Malawi
0%
Maldives
0%
Marshall Islands
0%
Mauritania
0%
Mauritius
0%
Moldova
0%
Montenegro
0%
Mozambique
0%
Myanmar
0%
Namibia
0%
Nauru
0%
Nicaragua
0%
Paraguay
0%
Rwanda
0%
Saint Kitts and Nevis
0%
Saint Lucia
0%
Saint Vincent and the Grenadines
0%
San Marino
0%
São Tomé and Príncipe
0%
Senegal
0%
Seychelles
0%
Sierra Leone
0%
Singapore
0%
Slovakia
0%
Slovenia
0%
Solomon Islands
0%
Sri Lanka
0%
Suriname
0%
Tajikistan
0%
Tanzania
0%
Trinidad and Tobago
0%
Tunisia
0%
Turkmenistan
0%
Uganda
0%
Vanuatu
0%
Venezuela
0%

Score Distribution

Percentile by Number Answered

Percent of People with Each Score

Your Score History

You have not taken this quiz